000
00205 a2200097 4500
001
27992
100
_a
Brown, J
245
_a
Telecommunication
260
_a
_b
Chapman & Hall
_c
1974
090
_c
18700
_d
18700
942
_a
NUST-CAE
_c
M
_c
9670
999
_c
263065
_d
263065